|
|
|
|
| LEADER |
00000nas a2200000 a 4500 |
| 001 |
ssj0001214864 |
| 003 |
WaSeSS |
| 005 |
20200512172242.0 |
| 006 |
m d |
| 007 |
cr n |
| 008 |
820322d19811995gaumr p s 0 a0eng |
| 010 |
|
|
|a 82641686
|
| 016 |
7 |
|
|a 9879597
|2 DNLM
|
| 016 |
7 |
|
|a I03480400
|2 DNLM
|
| 022 |
|
|
|l 0019-8234
|y 0019-8234
|
| 030 |
|
|
|a IDLEB9
|
| 032 |
|
|
|a 263080
|b USPS
|
| 035 |
|
|
|a (WaSeSS)ssj0001214864
|
| 037 |
|
|
|b Industrial engineering, 25 Technology Park/Atlanta, Norcross, GA 30092
|
| 040 |
|
|
|a DLC
|b eng
|c DLC
|d NSD
|d DLC
|d NST
|d RCS
|d NST
|d AIP
|d NST
|d AIP
|d NST
|d AIP
|d NST
|d AIP
|d NST
|d IUL
|d NSD
|d AIP
|d NST
|d NSD
|d NST
|d DLC
|d FUG
|d HUL
|d WAU
|d NYG
|d NSD
|d IUL
|d DLC
|d IUL
|d NLM
|d OCLCQ
|d MNU
|d LVB
|d CLU
|d OCLCO
|d OCLCF
|d OCLCO
|d GILDS
|d AU@
|d OCLCO
|d OCLCQ
|d OCLCO
|d WaSeSS
|
| 042 |
|
|
|a pcc
|a nsdp
|
| 050 |
0 |
0 |
|a T55.4
|b .I2
|
| 082 |
0 |
4 |
|a 670.5
|
| 130 |
0 |
|
|a Industrial engineering (Institute of Industrial Engineers (1981- ))
|
| 210 |
0 |
|
|a Ind. eng.
|b (Norcross, Ga.)
|
| 222 |
|
0 |
|a Industrial engineering
|b (Norcross, Ga.)
|
| 245 |
1 |
0 |
|a Industrial engineering
|h [electronic resource].
|
| 246 |
1 |
7 |
|a IE
|
| 260 |
|
|
|a [Norcross, GA] :
|b [Institute of Industrial Engineers],
|c [©1981-1995]
|
| 310 |
|
|
|a Monthly
|
| 362 |
0 |
|
|a Vol. 13, no. 10 (Oct. 1981)-v. 27, no. 4 (Apr. 1995).
|
| 500 |
|
|
|a Title from cover.
|
| 506 |
|
|
|a License restrictions may limit access.
|
| 650 |
|
0 |
|a Industrial engineering
|v Periodicals.
|
| 650 |
|
6 |
|a Génie industriel
|v Périodiques.
|
| 650 |
|
7 |
|a Industrial engineering.
|2 fast
|0 (OCoLC)fst00970992
|
| 655 |
|
0 |
|a Electronic journals.
|
| 710 |
2 |
|
|a Institute of Industrial Engineers (1981- )
|
| 780 |
0 |
0 |
|t Industrial engineering (American Institute of Industrial Engineers)
|x 0019-8234
|w (DLC) 76007673
|w (OCoLC)1695862
|
| 785 |
0 |
0 |
|t IIE solutions
|x 1085-1259
|w (DLC) 96648255
|w (OCoLC)32523279
|
| 850 |
|
|
|a AU
|a CU
|a CU-I
|a CU-Riv
|a CU-S
|a CaNSHPC
|a CaOTU
|a CaOWtU
|a CaQMH
|a CoU
|a DLC
|a FU
|a InLP
|a InU
|a KMK
|a MH-BA
|a N
|a NNC
|a NcD
|a NcRS
|a NdU
|a NjR
|a OCU
|a OrU
|a PBL
|a PPT
|a TU
|a TxArU
|a ViBlbV
|a ViU
|a WM
|a WaU
|a WvU
|
| 856 |
4 |
0 |
|z Full text available from Research Library: 12/01/1987 to 04/30/1995
|u https://search.proquest.com/publication/43876
|